| 000 | 00889nam a22001815i 4500 | ||
|---|---|---|---|
| 001 | 165865 | ||
| 003 | ES-MaACL | ||
| 005 | 20230906213223.0 | ||
| 008 | 020128s1876 sp |||| | spa d | ||
| 040 |
_aCAM _bspa _cCAM |
||
| 100 | 1 |
_aSuárez Sacristán, Fermín Martín. _9132974 |
|
| 245 | 1 | 0 |
_aEn el forro del sombrero _b: juguete cómico en un acto y en prosa / _coriginal de Fermin M. Suarez Sacristan. |
| 260 |
_aMadrid : _b[s.n.], _c1876 ( _fImprenta de José Rodríguez) |
||
| 300 |
_a24 p. ; _c19 cm. |
||
| 500 | _aEn port.: Estrenado en el Teatro de la Comedia el 2 de abril de 1876. | ||
| 596 | _aAl v. de la port. consta : "... Administracion Lírico-Dramática de Don Eduardo Hidalgo..." | ||
| 852 |
_aES-MaACL _jF-8580(6) _z-- Enc. pasta española, falto de la enc. original _z-- Enc. en un vol. facticio formando parte de la col. facticia "Teatro español moderno", vol. 33 |
||
| 999 |
_c165865 _d165865 |
||